Loading...
Beliefs | 13 | 12.31 | 92% | 31% | 0% |
Fine Arts - Classical Music and Opera | 3 | 13.33 | 100% | 33% | 0% |
Fine Arts - Other Fine Arts | 2 | 20.00 | 100% | 100% | 0% |
Fine Arts - Visual Fine Arts | 6 | 15.00 | 100% | 50% | 0% |
Geography | 2 | 10.00 | 50% | 0% | 50% |
History - European History | 5 | 16.00 | 100% | 60% | 0% |
History - Other History | 3 | 26.67 | 100% | 100% | 67% |
History - US History | 5 | 20.00 | 100% | 40% | 60% |
History - World History | 5 | 14.00 | 80% | 40% | 20% |
Literature - American Literature | 8 | 18.75 | 100% | 75% | 13% |
Literature - British Literature | 5 | 16.00 | 100% | 40% | 20% |
Literature - European Literature | 7 | 14.29 | 100% | 43% | 0% |
Literature - World Literature | 5 | 18.00 | 100% | 80% | 0% |
Modern World | 5 | 16.00 | 80% | 40% | 40% |
Other Academic | 2 | 20.00 | 100% | 50% | 50% |
Philosophy | 4 | 12.50 | 100% | 25% | 0% |
Science - Biology | 6 | 6.67 | 67% | 0% | 0% |
Science - Chemistry | 4 | 10.00 | 50% | 50% | 0% |
Science - Earth Science | 1 | 10.00 | 100% | 0% | 0% |
Science - Other Science | 9 | 7.78 | 56% | 22% | 0% |
Science - Physics | 5 | 16.00 | 100% | 60% | 0% |
Social Science | 6 | 13.33 | 100% | 33% | 0% |